00462nam a22001577a 450000500170000001000150001702000250003203500140005703700090007108200110008010000180009124500520010926000360016127000870019730000200028420220211114023.0 aENG-131530 a9789383657407c25.00 aEN-115062 bDBAD a342.54 aSingh, Pritam aHindu Bias in Indian Constituion/cPritam Singh aNew DelhibCritical Questc2017 a420, G-Block, Phase VI, Aya NagarbNew Delhie110047mcriticalquest@rediffmail.com a32p.c21cm(pbk)